Kuasa sakti sang harimau

Bibliographic Details
Main Author: Zambri Zakaria
Format: Book
Published: Melaka : Pustaka Ilham , 2005
Series:Siri haiwan bestari
Subjects:

MARC

LEADER 00000cam a2200000 7i4500
001 0000071046
005 20170302.0
008 170302
020 |a 9789838981590 
020 |a 9838981591 
090 0 0 |a NH   |b MAL 
100 1 |a Zambri Zakaria 
245 1 0 |a Kuasa sakti sang harimau   |c Zambri Zakaria 
260 |a Melaka :   |b Pustaka Ilham ,   |c 2005 
300 |a [s.n.] :   |b Col.ill 
490 1 |a Siri haiwan bestari 
650 0 |a Malay fiction 
999 |a 0000008028   |b Book   |c Children Collection   |e Cawangan Taman Universiti 
999 |a 0000008030   |b Book   |c Children Collection   |e Cawangan Taman Universiti 
999 |a 0000920193   |b Book   |c Children Collection   |e Cawangan Bukit Gambir